États les moins corrompus - Statistiques

Statistiques générales
  • Ce quiz a été pris 445 fois
  • Le résultat moyen est 12 sur 15
Statistiques - réponses
Indice de perception de corruption Pays % Correct
84 Norvège
94%
83 Suède
94%
87 Finlande
93%
90 Danemark
88%
74 Canada
87%
82 Suisse
86%
74 Islande
80%
80 Pays-Bas
78%
79 Allemagne
77%
75 Australie
75%
77 Luxembourg
75%
77 Irlande
72%
87 Nouvelle-Zélande
71%
74 Estonie
61%
83 Singapour
47%
Aucun quiz correspondant
Distribution des résultats
% des personnes avec chaque résultat
Percentile par nombre de réponses
Votre historique - résultats
Vous n’avez pas pris ce quiz